000 00620nmm a2200253 a 4500
003 AR-BaBNM
005 20251128211720.0
008 126020s2004 ||||||||||||||000 | spa||
020 _a84-8063-666-1
040 _cAR-BaBNM
100 1 _aCedillo Vicente, Pepita
_d1964-
245 1 0 _aHáblame a los ojos
250 _a1ª ed.
260 _aBarcelona
_bOctaedro
_c2004
300 0 _a308 p.
650 4 _aEDUCACION ESPECIAL
650 4 _aSORDOS
650 4 _aCOMUNICACION
650 4 _aLENGUAJE
650 4 _aINTEGRACION SOCIAL
653 0 _aDISCAPACITADOS AUDITIVOS
942 _cBK
998 _cme-solo cat
999 _c20828
_d20828